00637 2200229 4500001002100000005001700021008004100038020001800079035002400097082000800121090002000129100002300149245009100172250001100263260003100274300002400305650002700329850001200356985000600368986001000374999002300384YOGYA-0209000005784120090227034311.0 ind  a979-413-441-4 0010-020900000057841 a425 a425bSam IlDEP aSAMEKTO, Cecilia G aIdiomatic conversationsbeveryday idioms in everyday conversationscCecilia G. Samekto aCet. 3 aYogyakartabKanisiusc1992 a78 hlmbilusc21 cm aBahasa Inggris - Idiom aYOPDYOG a1 artrev a1992-464 h CB-D.11